[Event "Neumarkt am Wallersee op 15th"]
[Site "Neumarkt am Wallersee"]
[Date "2016.08.27"]
[Round "8"]
[White "Kaspret, Guido"]
[Black "Thalhammer, Klaus"]
[Result "1-0"]
[WhiteElo "2324"]
[BlackElo "1891"]
[PlyCount "63"]
[EventDate "2016.08.20"]
[EventType "swiss"]
[EventRounds "9"]
[EventCountry "AUT"]
[SourceTitle "CBM 174 Extra"]
[Source "ChessBase"]
[SourceDate "2016.10.10"]
[SourceVersion "1"]
[SourceVersionDate "2016.10.10"]
[SourceQuality "1"]

1. Nf3 c5 2. g3 g6 3. Bg2 Bg7 4. 0-0 Nc6 5. c4 d6 6. Nc3 e5 7. a3 a5 8. d3 Nge7 9. Nd5 Nxd5 10. cxd5 Ne7 11. e4 0-0 12. b3 Bd7 13. Bd2 h6 14. Qc1 Kh7 15. Rb1 b6 16. Ne1 Ra7 17. f4 Ng8 18. Nf3 Bb5 19. Qc2 f5 20. Rfe1 fxe4 21. dxe4 exf4 22. gxf4 Raf7 23. e5 dxe5 24. Nxe5 Bxe5 25. Rxe5 Qh4 26. Re6 Rf6 27. Rbe1 Bd7 28. Rxf6 Qxf6 29. Qd3 Ne7 30. Bc3 Qh4 31. Qg3 Nf5 32. Qxh4 1-0

[Event "Neumarkt am Wallersee op 15th"]
[Site "Neumarkt am Wallersee"]
[Date "2016.08.24"]
[Round "5"]
[White "Thalhammer, Klaus"]
[Black "Kratschmer, Heinz"]
[Result "1/2-1/2"]
[WhiteElo "1891"]
[BlackElo "2044"]
[PlyCount "74"]
[EventDate "2016.08.20"]
[EventType "swiss"]
[EventRounds "9"]
[EventCountry "AUT"]
[SourceTitle "CBM 174 Extra"]
[Source "ChessBase"]
[SourceDate "2016.10.10"]
[SourceVersion "1"]
[SourceVersionDate "2016.10.10"]
[SourceQuality "1"]

1. e4 c5 2. a3 g6 3. b4 Bg7 4. Nc3 b6 5. Rb1 Nc6 6. g3 d6 7. Bg2 e5 8. Nge2 Nge7 9. 0-0 0-0 10. h3 Be6 11. Kh2 Rc8 12. b5 Nd4 13. Nd5 Nxd5 14. exd5 Bd7 15. c4 f5 16. d3 Rc7 17. Nc3 Bc8 18. f3 Qf6 19. Bd2 Re8 20. Qc1 Qf8 21. a4 h6 22. Rf2 Kh7 23. Qd1 Bf6 24. a5 Qg7 25. Be1 Bg5 26. axb6 axb6 27. Ra2 Ree7 28. Rba1 Ra7 29. Rxa7 Rxa7 30. Rxa7 Qxa7 31. Qa4 Qxa4 32. Nxa4 Bd8 33. Bc3 Kg7 34. Bb2 g5 35. Kg1 f4 36. Bxd4 exd4 37. g4 Bd7 1/2-1/2

[Event "Prague Summer op-B 2nd"]
[Site "Prague"]
[Date "2015.08.13"]
[Round "8"]
[White "Kellner, Rene"]
[Black "Thalhammer, Klaus"]
[Result "1/2-1/2"]
[WhiteElo "1686"]
[BlackElo "1946"]
[PlyCount "28"]
[EventDate "2015.08.07"]
[EventType "swiss"]
[EventRounds "9"]
[EventCountry "CZE"]
[SourceTitle "EXT 2017"]
[Source "ChessBase"]
[SourceDate "2016.10.25"]
[SourceVersion "1"]
[SourceVersionDate "2016.10.25"]
[SourceQuality "1"]

1. e4 c5 2. Nf3 Nc6 3. d4 cxd4 4. Nxd4 Qb6 5. Nb3 Nf6 6. Nc3 e6 7. Be3 Qc7 8. Be2 a6 9. 0-0 Be7 10. Kh1 d6 11. f4 Nd7 12. Qe1 Nc5 13. Bxc5 dxc5 14. Qg3 g6 1/2-1/2

[Event "Prague Summer op-B 2nd"]
[Site "Prague"]
[Date "2015.08.09"]
[Round "3"]
[White "Irving, Neil"]
[Black "Thalhammer, Klaus"]
[Result "1-0"]
[WhiteElo "1801"]
[BlackElo "1946"]
[PlyCount "63"]
[EventDate "2015.08.07"]
[EventType "swiss"]
[EventRounds "9"]
[EventCountry "CZE"]
[SourceTitle "EXT 2017"]
[Source "ChessBase"]
[SourceDate "2016.10.25"]
[SourceVersion "1"]
[SourceVersionDate "2016.10.25"]
[SourceQuality "1"]

1. Nf3 g6 2. c4 Bg7 3. Nc3 d6 4. d4 a6 5. e4 Bg4 6. Be3 Nc6 7. Be2 e5 8. d5 Bxf3 9. Bxf3 Nd4 10. Be2 c5 11. dxc6 bxc6 12. 0-0 Ne7 13. c5 dxc5 14. Bc4 Qb8 15. b3 f5 16. Bg5 f4 17. Na4 Qd6 18. Rc1 Nc8 19. f3 h6 20. Bh4 g5 21. Bf2 Ke7 22. Qd3 a5 23. Ba6 h5 24. Nxc5 g4 25. Rfd1 gxf3 26. gxf3 Rd8 27. Kh1 Rg8 28. Rg1 Na7 29. Bc4 Qf6 30. Bxg8 Rxg8 31. Qa6 Nc8 32. Qb7+ 1-0

[Event "Neumarkt am Wallersee op 11th"]
[Site "Neumarkt am Wallersee"]
[Date "2012.09.02"]
[Round "9"]
[White "Wimmer, Herbert1111"]
[Black "Thalhammer, Klaus"]
[Result "1-0"]
[WhiteElo "1974"]
[BlackElo "2026"]
[PlyCount "43"]
[EventDate "2012.08.26"]
[EventType "swiss"]
[EventRounds "9"]
[EventCountry "AUT"]
[SourceTitle "EXT 2013"]
[Source "ChessBase"]
[SourceDate "2012.11.22"]
[SourceVersion "1"]
[SourceVersionDate "2012.11.22"]
[SourceQuality "1"]

1. d4 g6 2. c4 Bg7 3. Nc3 d6 4. e4 a6 5. Be2 Nc6 6. Nf3 Bg4 7. d5 Bxf3 8. Bxf3 Nd4 9. Be3 c5 10. dxc6 Nxc6 11. Qc1 Ne5 12. Be2 Rc8 13. b3 Qa5 14. Bd2 Qc5 15. 0-0 h5 16. Be3 Qc6 17. f3 Bh6 18. Bxh6 Rxh6 19. Nd5 Qc5+ 20. Kh1 Ng4 21. fxg4 hxg4 22. Bxg4 1-0

[Event "AUT-chT2W 0708"]
[Site "Austria"]
[Date "2008.02.29"]
[Round "9.6"]
[White "Thalhammer, Klaus"]
[Black "Baldauf, Marco"]
[Result "1/2-1/2"]
[WhiteElo "2027"]
[BlackElo "2236"]
[PlyCount "46"]
[EventDate "2007.10.06"]
[EventType "team"]
[EventRounds "11"]
[EventCountry "AUT"]
[SourceTitle "EXT 2009"]
[Source "ChessBase"]
[SourceDate "2008.11.26"]
[SourceVersion "1"]
[SourceVersionDate "2008.11.26"]
[SourceQuality "1"]
[WhiteTeam "Salzburg"]
[BlackTeam "Hohenems II"]
[WhiteTeamCountry "AUT"]
[BlackTeamCountry "AUT"]

1. e4 e6 2. d4 d5 3. exd5 exd5 4. Bd3 Nc6 5. c3 Bd6 6. Ne2 Qh4 7. g3 Qh5 8. Bf4 Bg4 9. Bxd6 cxd6 10. Nd2 0-0-0 11. 0-0 Nf6 12. f3 Bd7 13. Qc2 Rde8 14. Nf4 Qg5 15. Kf2 h5 16. h4 Qh6 17. Rae1 g5 18. Ng2 Rxe1 19. Rxe1 Rg8 20. Nf1 Kd8 21. Bf5 Bxf5 22. Qxf5 Ne7 23. hxg5 Qxg5 1/2-1/2